Continents in 30 seconds - Statistics

General Stats
  • This quiz has been taken 85 times
    75 since last reset
  • The average score is 6 of 7
Answer Stats
Continent % Correct
Africa
95%
Asia
94%
Europe
94%
North America
94%
South America
90%
Australia
83%
Antarctica
81%
No matching quizzes found
Score Distribution
Percent of People with Each Score
Percentile by Number Answered
Your Score History
You have not taken this quiz since the last reset